| 000 | 00498nam a2200181Ia 4500 | ||
|---|---|---|---|
| 005 | 20251020182530.0 | ||
| 008 | 200515s9999 xx 000 0 und d | ||
| 082 | _a699.844+699.88/R33 | ||
| 100 | _aRECUERDO, Manuel | ||
| 245 | 0 | _aAcústica Arquitectónica | |
| 260 | _aMadrid | ||
| 260 | _c1992 | ||
| 500 | _a1 ejemplar | ||
| 520 | _aConceptos teóricos para desarrollar proyectos arquitectónicos considerando las técnicas acústica | ||
| 650 | _aACUSTICA | ||
| 650 | _aLIB | ||
| 942 | _cLIB | ||
| 999 |
_c2058 _d2058 |
||